Los pasos : (Record no. 178179)
[ view plain ]
| 000 -LEADER | |
|---|---|
| campo de control de longitud fija | 01023nam a2200277 4500 |
| 001 - NÚMERO DE CONTROL | |
| campo de control | 178179 |
| 003 - IDENTIFICADOR DE NÚMERO DE CONTROL | |
| campo de control | ES-MaACL |
| 005 - FECHA Y HORA DE LA ÚLTIMA TRANSACCIÓN | |
| campo de control | 20231218165605.0 |
| 008 - DATOS DE LONGITUD FIJA--INFORMACIÓN GENERAL | |
| campo de control de longitud fija | 110520s2000 xxu |||| | spa d |
| 020 ## - NÚMERO INTERNACIONAL ESTÁNDAR DEL LIBRO | |
| Número Internacional Estándar del Libro | 958-33-1518-4 |
| 080 ## - NÚMERO DE LA CLASIFICACIÓN DECIMAL UNIVERSAL | |
| Número de la Clasificación Decimal Universal | 821.134.2(861)-34"19" |
| 100 1# - ENTRADA PRINCIPAL--NOMBRE DE PERSONA | |
| Nombre de persona | Macías, Luz E. |
| 9 (RLIN) | 146643 |
| 245 14 - MENCIÓN DEL TÍTULO | |
| Título | Los pasos : |
| Resto del título | cuentos del cielo y del infierno = The steps : stories from Heaven and Inferno / |
| Mención de responsabilidad, etc. | Luz E. Macías. |
| 250 ## - MENCION DE EDICION | |
| Mención de edición | 1ª ed. |
| 260 ## - PUBLICACIÓN, DISTRIBUCIÓN, ETC. | |
| Lugar de publicación, distribución, etc. | Miami : |
| Nombre del editor, distribuidor, etc. | La Casa del Hada, |
| Fecha de publicación, distribución, etc. | 2000 ( |
| Lugar de fabricación/manufactura | Santafé de Bogotá : |
| Fabricante | Gente Nueva) |
| 300 ## - DESCRIPCIÓN FÍSICA | |
| Extensión | 77 p. ; |
| Dimensiones | 21 cm. |
| 490 1# - MENCIÓN DE SERIE | |
| Mención de serie | La cueva de la sibila |
| 546 ## - NOTA DE IDIOMA | |
| Nota de lengua/lenguaje | Texto en español, traducción en inglés. |
| 740 42 - ENTRADA AGREGADA--TÍTULO RELACIONADO/ANALÍTICO NO CONTROLADO | |
| Título relacionado o analítico no controlado | The steps: stories from Heaven and Inferno. |
| 830 1# - PUNTO DE ACCESO ADICIONAL DE SERIE-TÍTULO UNIFORME | |
| Título uniforme | La cueva de la sibila |
| 9 (RLIN) | 224260 |
| 852 4# - LOCALIZACIÓN | |
| Ubicación | ES-MaACL |
| itemnumber | 185038 |
| Sublocalización o colección | R.145500 |
| Número de control de estantería | A-11222 |
| Signatura antigua | Olim: N-4226 |
| Ubicación en estantería | Depósito 1 |
| Encuadernación | Donación: Luz E. Macias |
| 903 ## - NOMBRE PERSONAL DE DONANTE | |
| a | Macías, Luz E. |
| e | Donante |
| 9 | 146643 |
| 942 ## - ELEMENTOS DE ENTRADA SECUNDARIOS (KOHA) | |
| Fuente del sistema de clasificación o colocación | Clasificación decimal universal |
| Tipo de ítem Koha | Libro impreso |
| Estatus retirado | Estado de pérdida | Fuente del sistema de clasificación o colocación | Estado de daño | No para préstamo | Biblioteca de origen | Biblioteca actual | Ubicación en estantería | Fecha de adquisición | Fuente de adquisición | Total de préstamos | Signatura topográfica completa | Código de barras | Visto por última vez | Precio de reemplazo | Tipo de ítem Koha |
|---|---|---|---|---|---|---|---|---|---|---|---|---|---|---|---|
| Clasificación decimal universal | Biblioteca del Ateneo de Madrid | Biblioteca del Ateneo de Madrid | Depósito 1 | 20/05/2011 | Donación | A-11222 | 1187173 | 23/02/2023 | 23/02/2023 | Libro impreso |
